Personnage One Piece de A à Z - Statistiques

Statistiques générales
  • Ce quiz a été pris 240 fois
  • Le résultat moyen est 18 sur 26
Statistiques - réponses
Lettres Indices Personnages % Correct
A Il a tué Belmer, la mère adoptive de Nami et Nojiko, sous leurs yeux. Arlong
97%
F Le charpentier de L'Équipage du Chapeau de Paille. Francky
97%
D Etait l'un des 7 Grands Corsaires, roi de Dressrosa Doflamingo
93%
G Unique Seigneur des pirates et l'ancien propriétaire du trésor légendaire. Gol D. Roger
93%
C Est une lapine Mink qui vit sur l'Île de Zou. Carrot
88%
B Un ancien mousse de l'Équipage des Pirates Roger. Baggy Le Clown
87%
S Est le deuxième membre le plus important de l'Armée Révolutionnaire. Sabo
85%
U Le meilleur des meilleurs menteurs Usopp
83%
V Est un scientifique de la Marine.Son travail inclut la découverte de divers secrets du monde. Vegapunk
83%
N Elle est la princesse du royaume d'Alabasta. Nefertari D .Vivi
80%
Q Est un pirate appartenant à l'Équipage aux Cent Bêtes mené par Kaidou. Queen
79%
E L'Homme le Plus Fort au Monde Edward Newgate
78%
J Il est officiellement son dixième membre et le neuvième à rejoindre l'équipage de Luffy. Jinbei
78%
T Est une jeune femme Capitaine de la Marine servant sous les ordres du Vice-Amiral Smoker. Tashigi
77%
R Etait une femme gladiateur qui participait au tournoi du Colisée Corrida afin de gagner le Mera Mera no Mi, dans l'espoir de tuer Doflamingo. Rebecca
74%
Z Est le chef du navire-restaurant le Baratie. Zeff
74%
L Luffy lui dessine un Jolly Roger sur la tête suite à une promesse. Laboon
70%
M Fait actuellement partie des Quatre Empereurs. Marshall D. Teach
69%
K Fait sa première apparition à Water Seven en tant que secrétaire d'Icebarg,Elle fait partie des antagonistes de l'arc d'Enies Lobby et Water Seven. Kalifa
66%
O Est un Homme-Poisson pieuvre. Il est un ancien membre de l'Équipage du Soleil commandé par Fisher Tiger, et de celui d'Arlong, qu'il a rejoint à la mort de Tiger. Octo
66%
P Est un Mink ainsi que le capitaine des Gardiens de la Forêt de la Baleine. Pedro
62%
X Dit "Le Pavillon Rouge" (Aka Hata) est un ancien Sous-Amiral de la Marine devenu pirate. Originaire de North Blue, il est le Capitaine de son équipage . X drake
57%
I C'est un Mink et il est surnommé le "Roi de l'Aurore" Inuarashi
49%
W Est un "moine de mer", un monstre marin à forme humaine. C'est un personnage assez drôle et stupide qui a un défaut de prononciation Wadatsumi
25%
Y Est un crapaud sumo qui fut l'ami (ainsi que l'animal de compagnie) du légendaire charpentier Tom jusqu'à l’exécution de ce dernier. Yokozuna
22%
H Est un membre de l'équipage du Heart. Son nom a été révélé dans le Chapitre 1064. Hakugan
9%
Aucun quiz correspondant
Distribution des résultats
% des personnes avec chaque résultat
Percentile par nombre de réponses
Votre historique - résultats
Vous n’avez pas pris ce quiz